C/C++ curso de programación (Registro nro. 12872)
[ vista simple ]
| 000 -CABECERA | |
|---|---|
| campo de control de longitud fija | 00844ntm a22003017a 4500 |
| 005 - FECHA Y HORA DE ACTUALIZACIÓN | |
| campo de control | 20230628165827.0 |
| 008 - LONGITUD FIJA | |
| campo de control de longitud fija | 210121b2020 xxu||||| |||| 00| 0 spa d |
| 020 ## - INTERNATIONAL STANDARD BOOK NUMBER | |
| Número Internacional Estándar del Libro | 9789587921267 |
| 041 ## - IDIOMA | |
| Código de idioma del texto/pista de sonido o título separado | Español |
| 082 ## - CLASIFICACIÓN DECIMAL DEWEY | |
| Número de clasificación | 005.133 C387c5 |
| 100 ## - AUTOR PERSONAL | |
| Nombre de persona | Ceballos Sierra, Francisco Javier |
| 245 ## - TÍTULO PROPIAMENTE DICHO | |
| Título | C/C++ curso de programación |
| 250 ## - EDICIÓN | |
| Mención de edición | 5 edición |
| 260 ## - PIE DE IMPRENTA | |
| Lugar de publicación, distribución, etc. | Colombia |
| 260 ## - PIE DE IMPRENTA | |
| Nombre del editor, distribuidor, etc. | Ediciones de la U |
| 260 ## - PIE DE IMPRENTA | |
| Fecha de publicación, distribución, etc. | 2020 |
| 300 ## - DESCRIPCIÓN FÍSICA | |
| Extensión | 806 páginas |
| 650 ## - Materia General | |
| Materia general | PROGRAMACIÓN |
| 650 ## - Materia General | |
| Materia general | C/C++ |
| 650 ## - Materia General | |
| Materia general | LENGUAJES DE PROGRAMACIÓN |
| 650 ## - Materia General | |
| Materia general | TIPOS DE DATOS |
| 650 ## - Materia General | |
| Materia general | ESTRUCTURA DE UN PROGRAMA |
| 650 ## - Materia General | |
| Materia general | SENTENCIAS DE CONTROL |
| 650 ## - Materia General | |
| Materia general | ESTRUCTURA DE DATOS |
| 650 ## - Materia General | |
| Materia general | PUNTEROS |
| 650 ## - Materia General | |
| Materia general | ESTRUCTURAS DINÁMICAS |
| 942 ## - Punto de Acceso Adicional Koha | |
| Tipo de ítem Koha | Libro |
| Estado perdido | Estado dañado | No para préstamo | Biblioteca permanente | Biblioteca actual | Signatura completa | Código de barras | Precio efectivo a partir del | Tipo de ítem | En préstamo |
|---|---|---|---|---|---|---|---|---|---|
| Departamento de Biblioteca y Documentación Alfonso Chase Brenes | Departamento de Biblioteca y Documentación Alfonso Chase Brenes | 005.133 C387c5 | 25149 | 21/01/2021 | Libro | ||||
| Departamento de Biblioteca y Documentación Alfonso Chase Brenes | Departamento de Biblioteca y Documentación Alfonso Chase Brenes | 005.133 C387c5 | 25277 | 25/06/2021 | Libro | 10/07/2024 |